00921nam a2200241 u 450000100070000000500170000700800410002403500110006504000130007604100080008908000060009708000090010308200080011210000410012024501410016126000430030265000250034565000370037065000690040770000440047670000440052050001150056414326220260506075513.0971104s1997 ||||||m| spa  a143262 ccomduadb aspa aT aR/CD 4a15310aArias Sandoval, Luz Miriam4auteaut10aMas alla del trastorno deficit de atencion-hiperactividad (TDAH) : una propuesta de intervencion interdisciplinaria deste trabajo social aMedellín :b[sin publicador],c1997. aNiños hiperactivos 7aTrastornos del aprendizaje2lemb 7aTrastorno por déficit de atención con hiperactividad2armarc10aCaceres Castillo, Maria Yaned4auteaut10aVargas Hurtado, Beatriz Elena4auteaut aTesis (Especialista en Gerencia del Desarrollo Social). Universidad de Antioquia - Título del grado otorgado